000 00462nam a2200181Ia 4500
001 9365
005 20260306161713.0
008 260306t2017||||xx |||||||||||||| ||spa||
041 _aESP
082 _a378.155
_bB45
100 _aBernaza Rodríguez, Guillermo Jesús
_eAUT
245 0 _aConstruyendo ideas pedagógicas sobre el posgrado
260 _c2017
300 _a275 páginas :
_c24 cm.
650 _aGEN
654 _aCED
942 _cLIB
_dJUS
_fJUS
_2ddc
_n
999 _c9365
_d9365